Closest World Capitals to Major Circles of Latitude with a Map - Statistics

General Stats
  • This quiz has been taken 65 times
  • The average score is 16 of 20
Answers on the Map
Answers color-coded by a green-red scale on the quiz's map according to % correct below.
 
Answer Stats
Capital % Correct
Dhaka
95%
Havana
95%
Oslo
95%
Reykjavík
95%
Helsinki
93%
Quito
89%
Tallinn
85%
Abu Dhabi
84%
Windhoek
84%
Asunción
82%
Wellington
80%
Canberra
78%
Kampala
78%
Muscat
78%
São Tomé
76%
Gaborone
75%
Montevideo
75%
Buenos Aires
71%
Libreville
60%
Nukuʻalofa
55%
No matching quizzes found
Score Distribution
Percent of People with Each Score
Percentile by Number Answered
Your Score History
You have not taken this quiz